Cedar Point Roller Coasters - Statistics

General Stats
  • This quiz has been taken 191 times
  • The average score is 13 of 17
Answer Stats
Year of opening Answer % Correct
2000 Millennium Force
94%
1994 Raptor
91%
2013 Gatekeeper
88%
2007 Maverick
88%
2018 Steel Vengeance
88%
2003 Top Thrill Dragster
87%
196 Blue Streak
86%
1978 Gemini
86%
1989 Magnum XL-200
85%
2015 Rougarou
81%
2016 Valravn
80%
1976 Corkscrew
76%
1969 Cedar Creek Mine Ride
68%
2002 Wicked Twister
68%
1999 Woodstock Express
64%
1987 Iron Dragon
61%
1979 Wilderness Run
50%
No matching quizzes found
Score Distribution
Percent of People with Each Score
Percentile by Number Answered
Your Score History
You have not taken this quiz